|
|
|
|
| LEADER |
00000nam a2200000 i 4500 |
| 001 |
1/57749 |
| 008 |
141008s2003 gre d |
| 020 |
|
|
|a 960-325-122-4
|
| 035 |
|
|
|l 10119404
|
| 040 |
|
|
|a GR-MY-UA
|b gre
|e aacr
|
| 041 |
1 |
|
|a gre
|h ita
|
| 082 |
0 |
|
|a 927
|2 (23)
|
| 100 |
1 |
|
|a Cellini, Benvenuto
|d 1500-1571.
|
| 245 |
1 |
2 |
|a Η ζωή του Μπενβενούτο Τσελλίνι, Φλωρεντίνου, ιστορημένη από τον ίδιο /
|c προλεγόμενα και μετάφραση Γιώργος Λεωτσάκος ; παραβολή με το πρωτότυπο και υπομνηματισμός Τέα Βασιλειάδου ; μετάφραση εμμέτρων Γιώργος Κοροπούλης, Νίκος Λούπης
|
| 250 |
|
|
|a 2η έκδ.
|
| 260 |
|
|
|a Αθήνα :
|b Άγρα,
|c c2003
|
| 300 |
|
|
|a 564 σ.;
|b εικ.;
|c 21 εκ.
|
| 500 |
|
|
|a Τίτλος πρωτοτύπου La vita di Benvenuto di Maestro Giovanni Cellini fiorentino (scritta per lui medesimo) in Firenze [γραμμενη μεταξύ 1558-1566]
|
| 600 |
1 |
0 |
|a Cellini Benvenuto
|d 1500-1571
|x Biography.
|
| 852 |
|
|
|a INST
|b SYROS
|e 20141008
|h 927 CEL
|p 005500012417
|q 005500012417
|t BK
|y 0
|
| 901 |
|
|
|a BIBL5-2014-3
|
| 909 |
|
|
|a Ε
|b 190038
|
| 922 |
|
|
|a 5ΕΛΗ
|b 201407
|c ΒΙΒΛΙΟΘΗΚΗ ΣΥΡΟΥ
|d Π. ΙΩΑΝΝΙΔΟΥ
|
| 970 |
|
|
|a ΚΟΝΤΟΥ
|b ΠΑΡΑΣΚΕΥΗ
|z 2014/10/08
|